Responses for Show #2271 - Monday, June 20, 1994

Contestants

[<< previous game]

Robert Jeantet, a college teacher from Tallmadge, Ohio

Steve Kitty, an attorney from Warrington, Pennsylvania

Roger Solberg, a college professor from Edinboro, Pennsylvania (whose 3-day cash winnings total $37,299)

[next game >>]

Jeopardy! Round responses

STATE CAPITALS
ACTRESSES & THEIR ROLES
BUSINESS & INDUSTRY
NICKNAMES
INTERNATIONAL FOOD & DRINK
CROSSWORD CLUES "M"
    $100 7
Hartford

Robert
    $100 1
Peter Pan

Roger
    $100 12
(Roger: What is M&M [*]?)

Mars

Roger
    $100 6
Napoleon

Steve
    $100 26
vodka

Robert
    $100 17
mackerel

Steve
    $200 8
Denver

Steve
    $200 2
Yankee Doodle Dandy

Steve
    $200 22
Toyota

Robert
    $200 13
Sam Rayburn

Robert
    $200 27
(Steve: What is Spain?)

Portugal

RogerSteve
    $200 18
mug shot

Steve
    $300 9
Tallahassee

Robert
    $300 3
The Waltons

Roger
    $300 23
hair dryers

Steve
    $300 14
Ernest Hemingway

Roger
    $300 28
Japan

Steve
    $300 19
manana

Robert
    $400 10
(Roger: What is Anchorage?)

Albany

Roger
Triple Stumper
    $400 4
Murphy Brown

Roger
    $500 24
(Steve: What is Scripto?)

Xerox

Steve
    $400 15
Arthur Godfrey

Robert
    $400 29
England

Triple Stumper
    $400 20
mu

Robert
    $500 11
(Roger: What is Sacramento?)

Santa Fe

RogerRobert
    $500 5
Lauren Hutton

Robert
    $500 25
(Charles) Revson

Robert
    $500 16
Happy

Roger
    $500 30
ears

Robert
    $500 21
(Steve: What is mash mash?)

a mash note

RogerSteve

Scores at the first commercial break (after clue 15):

Roger Steve Robert
$300 $500 $2,000

Scores at the end of the Jeopardy! Round:

Roger Steve Robert
$1,500 $200 $4,000

Double Jeopardy! Round responses

THE 20th CENTURY
NATURE
THE OLD TESTAMENT
FABRICS
POETS
BENJAMIN FRANKLINS
    $200 1
Richard Nixon

Robert
    $200 9
the owl

Roger
    $200 7
Samson

Roger
    $200 24
sharkskin

Roger
    $200 6
Dylan Thomas

Steve
    $200 13
Andrew Johnson

Robert
    $400 2
the oil industry

Steve
    $400 20
Horse flies

Roger
    $400 18
Goliath

Roger
    $400 25
lace

Triple Stumper
    $400 8
Coleridge

Robert
    $400 14
New Orleans

Steve
    $600 3
Hitler

Steve
    $600 21
a crocodile

Roger
    $600 19
the Tower of Babel

Robert
    $600 28
Cotton

Triple Stumper
    $600 10
Chaucer

Triple Stumper
    $600 15
Benjamin Franklin Goodrich

Steve
    $800 4
New York City

Roger
    $800 22
the woodpecker

Robert
    $800 26
Moses

Triple Stumper
    $800 29
satin

Triple Stumper
    $800 11
Wordsworth

Roger
    $800 16
The Grand Army of the Republic

Steve
    $1,300 5
France

Roger
    $1000 23
(Steve: What is the shrew?)

the opossums

SteveRobert
    $1000 27
Solomon

Steve
    $800 30
Argentina (or Uruguay)

Steve
    $1000 12
Alexander Pope

Roger
    $1000 17
(Robert: What is Auburn?)

the Tuskegee Institute

SteveRobert

Scores at the end of the Double Jeopardy! Round:

Roger Steve Robert
$7,400 $5,000 $6,200

[wagering suggestions for these scores]

Final Jeopardy! Round responses

FICTIONAL TRANSPORTATION
SteveWhat was the Nautalas
$2,401
RobertWhat was the Nautilus?
$6,200
RogerWhat is the Nautilus?
$2,600
the Nautilus

Final scores:

Roger Steve Robert
$10,000 $7,401 $12,400
2nd place: trip to U.S. Space Camp in Huntsville, Alabama 3rd place: Gibson refrigerator/freezer + Wheel of Fortune & Jeopardy! games for the Super Nintendo & Sega Genesis New champion: $12,400

Game dynamics:

Coryat scores:

Roger Steve Robert
$7,100 $5,700 $6,200
18 R
(including 1 DD),
2 W
16 R
(including 1 DD),
4 W
(including 1 DD)
18 R,
1 W

Combined Coryat: $19,000

[game clues] [game scores] [suggest correction]

Game tape date: 1994-02-08
The J! Archive is created by fans, for fans. Scraping, republication, monetization, and malicious use prohibited; this site may use cookies and collect identifying information. See terms. The Jeopardy! game show and all elements thereof, including but not limited to copyright and trademark thereto, are the property of Jeopardy Productions, Inc. and are protected under law. This website is not affiliated with, sponsored by, or operated by Jeopardy Productions, Inc. Join the discussion at JBoard.tv.